000 00534nam a2200193Ia 4500
005 20250508152811.0
008 008 250505s9999 xx 000 0 eng d
037 _aTextual
040 _aFEDL
_beng
_cFEDL
041 _aeng
_2eng
084 _a330.954, JAI
_qFEDL
100 _aJain P. C.
245 0 _aProblems in Indian economics
260 _aAllahabad, India
_bChaitanya Publishing House
_c1960
300 _aviii,646p.
650 _aEconomics
942 _cTEXL
_h330.954, JAI
999 _c1338836
_d1338836